Principles of Marketing / Third Edition (Record no. 1339)
[ view plain ]
| 000 -LEADER | |
|---|---|
| fixed length control field | 01363cam a22002294a 4500 |
| 005 - ΗΜΕΡΟΜΗΝΙΑ ΚΑΙ ΩΡΑ ΤΕΛΕΥΤΑΙΑΣ ΕΝΗΜΕΡΩΣΗΣ | |
| Πεδίο ελέγχου | 20250605164005.0 |
| 008 - FIXED-LENGTH DATA ELEMENTS--GENERAL INFORMATION | |
| Πεδίο ελέγχου σταθερού μήκους | 250528s ||||||||||||||||||||||||d |
| 035 ## - SYSTEM CONTROL NUMBER | |
| System control number | 15786 |
| 020 ## - ISBN | |
| ISBN | 273657917 |
| 040 ## - ΠΗΓΗ ΚΑΤΑΛΟΓΟΓΡΑΦΗΣΗΣ | |
| Φορέας πρωτότυπης καταλογογράφησης | MC Athens Campus Library |
| Γλώσσα καταλογογράφησης | Ελληνικά, Μοντέρνα (1453-) |
| Modifying agency | MC Athens Campus Library |
| Κανόνες περιγραφικής καταλογογράφησης | AACR2 |
| 245 1# - ΤΙΤΛΟΣ ΚΑΙ ΔΗΛΩΣΗ ΥΠΕΥΘΥΝΟΤΗΤΑΣ | |
| Τίτλος | Principles of Marketing / Third Edition |
| 250 ## - EDITION STATEMENT | |
| Edition statement | 3rd |
| 260 ## - PUBLICATION, DISTRIBUTION, ETC. | |
| Name of publisher, distributor, etc. | Prentice Hall, |
| Date of publication, distribution, etc. | 2003 |
| 300 ## - PHYSICAL DESCRIPTION | |
| Extent | 1134 |
| 505 0# - FORMATTED CONTENTS NOTE | |
| Formatted contents note | Marketing and Its Environment, B2B Buying Behaviour, Segmenting Markets, Customers and Markets, Product, Product Management, Price, Pricing Strategies, Place, Retailers and Wholesalers, Promotion, Advertising, Sales Promotion, Direct Marketing and Exhibitions, Public Relations and Sponsorship, Services and Non-Profit Marketing, Marketing Management, International Marketing, E-Marketing and New Medis, Index. |
| 520 ## - SUMMARY, ETC. | |
| Summary, etc. | Marketing and Its Environment, B2B Buying Behaviour, Segmenting Markets, Customers and Markets, Product, Product Management, Price, Pricing Strategies, Place, Retailers and Wholesalers, Promotion, Advertising, Sales Promotion, Direct Marketing and Exhibitions, Public Relations and Sponsorship, Services and Non-Profit Marketing, Marketing Management, International Marketing, E-Marketing and New Medis, Index. |
| 700 1# - ΠΡΟΣΘΕΤΗ ΑΝΑΓΡΑΦΗ--ΦΥΣΙΚΟ ΠΡΟΣΩΠΟ | |
| Personal name | Brassington Frances |
| 9 (RLIN) | 1768 |
| 700 1# - ΠΡΟΣΘΕΤΗ ΑΝΑΓΡΑΦΗ--ΦΥΣΙΚΟ ΠΡΟΣΩΠΟ | |
| Personal name | Pettitt Stephen |
| 9 (RLIN) | 1769 |
| 942 ## - ADDED ENTRY ELEMENTS (KOHA) | |
| Koha item type | Books |
| Τύπος τεκμηρίου | Βιβλιοθήκη | Τρέχουσα τοποθεσία | Barcode | Αριθμός εισαγωγής | Ημερομηνία απόκτησης | Ταξιθετικό σύμβολο | Αριθμός αντιτύπου | Κατάσταση απόσυρσης | Κατάσταση χαμένου | Κατάσταση κατεστραμμένου | Μη δανεισμός | Σύνολο δανεισμών | Ημερομηνία τελευταίας εμφάνισης | Η τιμή ισχύει από |
|---|---|---|---|---|---|---|---|---|---|---|---|---|---|---|
| Books | MC Athens Campus Library | MC Athens Campus Library | 9780000013385 | 2157 | 05/06/2025 | 658.8 BRA | 1 | 05/06/2025 | 05/06/2025 |